| 000 | 00520nam a2200169 4500 | ||
|---|---|---|---|
| 999 |
_c3237 _d3237 |
||
| 008 | 200323b ||||| |||| 00| 0 eng d | ||
| 082 | 0 | 0 |
_a621.3 _bT398 |
| 100 |
_940 _aTheraja, B. L. |
||
| 245 | 1 | 0 |
_aA Textbook of Electrical technology in S.I. units / _cby B. L. Theraja |
| 250 | _a20th ed. | ||
| 260 |
_aNew Delhi _bPublication Division of Nirja Construction and Development _c1984 |
||
| 300 | _a1604 p. | ||
| 365 | _d100.00 | ||
| 650 | 0 | _aElectrical Engineering | |
| 650 | 0 | _aElectrical technology | |
| 942 |
_2ddc _cBK |
||